00640nam a2200169 a 450000100100000000500170001000800410002702000150006804000250008310000280010824500550013626000650019130000200025650000660027695201110034299900170045300004012220201002033930.0130808s1989 pr 000 0 spa d a0865814384 aDO-SdBNPbspacBNPHU1 aRivera, Etnairis92277310aEntre ciudades y casi paraisos /cEtnairis Rivera. aPuerto Rico :bInstituto de Cultura Puertorriqueña,c1989. a156 p ;c22 cm. aIncluye datos biográficos de la autora en la contracubierta 001054708MOaGRbGRcCTd2013-08-08iLF1l0o p40122-10r2020-06-25w2020-06-25y4ZPréstamo en sala c39612d39612